Atomic transition probabilities of carbon, nitrogen, and oxygen : a critical data compilation /

Bibliographic Details
Main Author: Wiese, W. L.
Corporate Authors: American Chemical Society, American Institute of Physics, National Institute of Standards and Technology (U.S.)
Other Authors: Fuhr, J. R., Deters, T. M.
Format: Book
Language:English
Published: [Washington, D.C.] : Woodbury, N.Y. : American Chemical Society ; American Institute of Physics for the National Institute of Standards and Technology, [1996]
Series:Journal of physical and chemical reference data. Monograph ; no. 7.
Subjects:

MARC

Tag First Indicator Second Indicator Subfields
LEADER 00000cam a2200000 a 4500
001 in00001402352
005 20151020054139.0
008 960411s1996 dcua b 000 0 eng d
020 |a 1563966026 
035 |a (OCoLC)34552825 
035 |9 AHN0544AM 
040 |a WAU  |c WAU  |d TXA  |d UtOrBLW 
049 |a TXAM 
090 |a QC174.26.A8  |b W54 1996 
100 1 |a Wiese, W. L. 
245 1 0 |a Atomic transition probabilities of carbon, nitrogen, and oxygen :  |b a critical data compilation /  |c W.L. Wiese, J.R. Fuhr and T.M. Deters. 
264 1 |a [Washington, D.C.] :  |b American Chemical Society ;  |a Woodbury, N.Y. :  |b American Institute of Physics for the National Institute of Standards and Technology,  |c [1996] 
264 4 |c ©1996 
300 |a v, 522 pages :  |b illustrations ;  |c 30 cm. 
336 |a text  |b txt  |2 rdacontent 
337 |a unmediated  |b n  |2 rdamedia 
338 |a volume  |b nc  |2 rdacarrier 
490 1 |a Journal of physical and chemical reference data. Monograph ;  |v no. 7 
504 |a Includes bibliographical references. 
650 0 |a Atomic transition probabilities  |x Tables. 
650 0 |a Carbon  |x Spectra  |x Tables. 
650 0 |a Nitrogen  |x Spectra  |x Tables. 
650 0 |a Oxygen  |x Spectra  |x Tables. 
700 1 |a Fuhr, J. R. 
700 1 |a Deters, T. M. 
710 2 |a American Chemical Society. 
710 2 |a American Institute of Physics. 
710 2 |a National Institute of Standards and Technology (U.S.) 
830 0 |a Journal of physical and chemical reference data.  |p Monograph ;  |v no. 7. 
999 |a MARS 
999 f f |s 25518970-54f9-37df-9a9d-d1f426110ac9  |i b6964743-a59e-3f18-90ab-0d02c695b5f7  |t 0 
952 f f |p ric  |a Texas A&M University  |b Rellis Campus  |c Joint Library Facility  |d Remote Storage  |t 0  |e QC174.26.A8 W54 1996  |h Library of Congress classification  |i unmediated -- volume  |m A14822099577 
998 f f |a QC174.26.A8 W54 1996  |t 0  |l Remote Storage